| 000 | 00771cam a22002774a 4500 | ||
|---|---|---|---|
| 003 | IMU CC | ||
| 005 | 20260223114937.0 | ||
| 008 | 050901s2006 nyuab b 001 0 eng | ||
| 015 |
_aGBA581475 _2bnb |
||
| 016 | 7 |
_a013300901 _2Uk |
|
| 020 | _a9780071448482 | ||
| 040 | _aIMU CC | ||
| 041 | 0 | _aeng | |
| 082 | 0 | 0 |
_223 _a551.5 _bGIB |
| 100 |
_aGibilisco, Stan _94454 |
||
| 245 | 1 | 0 |
_aMeteorology demystified / _cStan Gibilisco. |
| 260 |
_aNew Delhi : _bMcGraw-Hill, _cc2006. |
||
| 300 |
_axi, 323 p. : _bill., maps ; _c23 cm. |
||
| 336 |
_atext _btxt _2rdacontent |
||
| 490 | 1 | _aDemystified series | |
| 504 | _aIncludes bibliographical references (p. 317) and index. | ||
| 650 | 0 |
_aMeteorology _94455 |
|
| 650 | 0 |
_aWeather _93344 |
|
| 856 | _yBK | ||
| 942 |
_cBK _2ddc |
||
| 999 |
_c10328 _d10328 |
||